|
|
|
|
| LEADER |
00000nbm0a2200000 4500 |
| 001 |
78463 |
| 005 |
20231031093844.0 |
| 035 |
|
|
|a (RuTPU)RU\TPU\book\84086
|
| 090 |
|
|
|a 78463
|
| 100 |
|
|
|a 20050622d1979 k y0rusy50 ca
|
| 101 |
0 |
|
|a rus
|
| 102 |
|
|
|a RU
|
| 105 |
|
|
|a a m 001zy
|
| 200 |
1 |
|
|a Математическое моделирование тепловых процессов в электрических машинах
|e диссертация на соискание ученой степени кандидата технических наук
|e Спец.05.09.01
|f Н. И. Яковенко
|g Томский политехнический институт; науч. рук. Д. И. Санников
|
| 210 |
|
|
|a Томск
|c [Б. и.]
|d 1979
|
| 215 |
|
|
|a 182 л.
|c ил.
|
| 320 |
|
|
|a Библиогр.: с. 155-170 (142 назв.)
|
| 610 |
1 |
|
|a диссертации
|
| 610 |
1 |
|
|a математическое моделирование
|
| 610 |
1 |
|
|a тепловые процессы
|
| 610 |
1 |
|
|a электрические машины
|
| 610 |
1 |
|
|a генераторы
|
| 610 |
1 |
|
|a двигатели
|
| 610 |
1 |
|
|a теплообмен
|
| 610 |
1 |
|
|a автоматизированное проектирование
|
| 610 |
1 |
|
|a электромагнитные нагрузки
|
| 675 |
|
|
|a 621.313.001.2(04)
|v 3
|
| 686 |
|
|
|a 05.09.01
|2 oksvnk
|
| 700 |
|
1 |
|a Яковенко
|b Н. И.
|g Николай Иванович
|
| 702 |
|
1 |
|a Санников
|b Д. И.
|4 727
|
| 712 |
0 |
2 |
|a Томский политехнический институт
|2 stltpush
|3 (RuTPU)RU\TPU\col\1123
|
| 801 |
|
1 |
|a RU
|b 63413507
|c 20050622
|g PSBO
|
| 942 |
|
|
|c BK
|